00244nam a22001097a 4500040000700000082000800007100000800015245006600023260002300089942000700112999001500119 cSK a664 aFAO aAppropriate food packaging solutions for developing countries aGERMANYbFAOc2011 cEK c9251d9251